00333nam a2200121Ia 4500008004000000020001700040082001600057100000900073245004300082260003800125300001200163650003600175210210b2000 xxu||||| |||| 00| 0 eng d a019 565607 5 a338.91 HUMA aUNDP aHuman development report two thousand. aNDbOxford University Pressc2000 axiv,291 aHuman development report 2000